Score 0/12 Timer 01:30
9 Plays Today
% Correct
Brussels
93.1%
Buffalo
92.9%
Dijon
92.2%
Yorkshire
89.2%
Philadelphia
88.5%
Monterey
84.3%
Kiev
84%
Boston
83.9%
Lima
82.9%
Kobe
78.5%
Jerusalem
77.6%
London
75.1%

Today's Daily Dose

You're not logged in!

Compare scores with friends on all Sporcle quizzes.
OR
Log In

Sporcle TV

Today on Sporcle TV


Watch our educational content, quiz creation guides, and fun videos on Sporcle TV.

Show Comments

Extras

Top Quizzes Today


Score Distribution

Paid Content

Your Account Isn't Verified!

In order to create a playlist on Sporcle, you need to verify the email address you used during registration. Go to your Sporcle Settings to finish the process.

Report this User

Report this user for behavior that violates our Community Guidelines.

Details: